Oxford wordpower dictionary = (Record no. 12397)
[ view plain ]
| 000 -LEADER | |
|---|---|
| fixed length control field | 01818cam a22004095a 4500 |
| 003 - CONTROL NUMBER IDENTIFIER | |
| control field | EG-ScBUE |
| 005 - DATE AND TIME OF LATEST TRANSACTION | |
| control field | 20191210105746.0 |
| 006 - FIXED-LENGTH DATA ELEMENTS--ADDITIONAL MATERIAL CHARACTERISTICS--GENERAL INFORMATION | |
| fixed length control field | m||||fq||d 00| 0 |
| 008 - FIXED-LENGTH DATA ELEMENTS--GENERAL INFORMATION | |
| fixed length control field | 090726r20092006enka f d 000 0 mul d |
| 020 ## - INTERNATIONAL STANDARD BOOK NUMBER | |
| International Standard Book Number | 9780194300094 |
| 040 ## - CATALOGING SOURCE | |
| Original cataloging agency | EG-ScBUE |
| Language of cataloging | eng |
| Description conventions | rda |
| Transcribing agency | EG-ScBUE |
| Modifying agency | EG-ScBUE |
| 041 1# - LANGUAGE CODE | |
| Language code of text/sound track or separate title | eng |
| -- | ara |
| Language code of original and/or intermediate translations of text | eng |
| 082 04 - DEWEY DECIMAL CLASSIFICATION NUMBER | |
| Classification number | 492.7321 |
| Item number | OXF |
| Edition number | 22 |
| 245 00 - TITLE STATEMENT | |
| Title | Oxford wordpower dictionary = |
| Remainder of title | قاموس أكسفورد الحديث لدارسي اللغة الإنكليزية : إنكليزي - إنكليزي - عربي. |
| 246 3# - VARYING FORM OF TITLE | |
| Title proper/short title | قاموس أكسفورد الحديث لدارسي اللغة الإنجليزية : |
| Remainder of title | إنجليزي - إنجليزي - عربي |
| 246 31 - VARYING FORM OF TITLE | |
| Title proper/short title | قاموس أكسفورد الحديث لدارسي اللغة الإنكليزية : |
| Remainder of title | إنكليزي - إنكليزي - عربي |
| 250 ## - EDITION STATEMENT | |
| Edition statement | Second edition. |
| 250 ## - EDITION STATEMENT | |
| Edition statement | Reprint edition. |
| 264 #1 - PUBLICATION, DISTRIBUTION, ETC. (IMPRINT) | |
| Place of publication, distribution, etc | Oxford ; |
| -- | New York : |
| Name of publisher, distributor, etc | Oxford University Press, |
| Date of publication, distribution, etc | 2009. |
| 300 ## - PHYSICAL DESCRIPTION | |
| Extent | xii, 916 pages : |
| Other physical details | illustrations ; |
| Dimensions | 22 cm + |
| Accompanying material | 1 CD |
| 336 ## - CONTENT TYPE | |
| Source | rdacontent |
| Content type term | text |
| Content type code | txt |
| 336 ## - CONTENT TYPE | |
| Source | rdacontent |
| Content type term | sounds |
| Content type code | snd |
| 337 ## - MEDIA TYPE | |
| Source | rdamedia |
| Media type term | unmediated |
| Media type code | n |
| 337 ## - MEDIA TYPE | |
| Source | rdamedia |
| Media type term | audio |
| Media type code | s |
| 338 ## - CARRIER TYPE | |
| Source | rdacarrier |
| Carrier type term | volume |
| Carrier type code | nc |
| 338 ## - CARRIER TYPE | |
| Source | rdacarrier |
| Carrier type term | computer disc |
| Carrier type code | cd |
| 500 ## - GENERAL NOTE | |
| General note | طبعة موسعة. |
| 500 ## - GENERAL NOTE | |
| General note | Includes appendices. |
| 520 ## - SUMMARY, ETC. | |
| Summary, etc | A popular dictionary which combines simple English definitions with Arabic translations of all headwords, idioms and phrasal verbs. Now available with CD-ROM. |
| 546 ## - LANGUAGE NOTE | |
| Language note | Text in English and Arabic. |
| 590 ## - LOCAL NOTE (RLIN) | |
| Local note | basant emad |
| 650 #7 - SUBJECT ADDED ENTRY--TOPICAL TERM | |
| Topical term or geographic name as entry element | English language |
| Form subdivision | dictionaries |
| General subdivision | Arabic. |
| Source of heading or term | BUEsh |
| 9 (RLIN) | 13838 |
| 650 #7 - SUBJECT ADDED ENTRY--TOPICAL TERM | |
| Topical term or geographic name as entry element | Arabic language |
| Form subdivision | dictionaries |
| General subdivision | English |
| Source of heading or term | BUEsh |
| 9 (RLIN) | 5758 |
| 653 ## - INDEX TERM--UNCONTROLLED | |
| Resource For college | Humanities: English |
| Arrived date list | October2017 |
| -- | September2018 |
| 655 ## - INDEX TERM--GENRE/FORM | |
| Form subdivision | Reading book |
| 942 ## - ADDED ENTRY ELEMENTS (KOHA) | |
| Source of classification or shelving scheme | Dewey Decimal Classification |
| Koha item type | Reference (NB) |
| Withdrawn status | Lost status | Source of classification or shelving scheme | Damaged status | Not for loan | Home library | Current library | Shelving location | Date acquired | Cost, normal purchase price | Serial Enumeration / chronology | Total Checkouts | Total Renewals | Full call number | Barcode | Date last seen | Date checked out | Koha item type | Materials specified (bound volume or other part) | Source of acquisition |
|---|---|---|---|---|---|---|---|---|---|---|---|---|---|---|---|---|---|---|---|
| Dewey Decimal Classification | Central Library | Central Library | Ground Floor | 24/01/2011 | 105.00 | 5 | 3 | 1 | 423 OXF | 000039508 | 15/07/2025 | 12/05/2018 | Reference (NB) | ||||||
| Lost | Dewey Decimal Classification | Central Library | Central Library | Second Floor | 01/10/2017 | 1 | 423 OXF | 000017787 | 04/11/2009 | 03/11/2009 | CD | DVD - With book (NB) | Lost In Inventory_2015-8-23 | Purchase |